| 000 | 00848nam a2200289Ia 4500 | ||
|---|---|---|---|
| 003 | OSt | ||
| 005 | 20221006151856.0 | ||
| 006 | a|||||r|||| 00| 0 | ||
| 007 | ta | ||
| 008 | 221006b |||||||| |||| 00| 0 eng d | ||
| 020 |
_a9780521351294 _c _140.00 |
||
| 024 | _a23,770 | ||
| 037 | _cTextual | ||
| 040 |
_aEASL _cEASL _beng |
||
| 041 |
_2eng _aeng |
||
| 082 | _aX8(A).49B.N8, M8 | ||
| 100 |
_aHUGHES Helen Ed. _9129994 |
||
| 245 | 0 | _aAchieving industrialization in East Asia | |
| 260 |
_aCambridge _bCambridge University Press _c1988 |
||
| 300 |
_a396p. _ccm. |
||
| 490 |
_v Oth _aTrade and Development |
||
| 650 |
_a East Asia Economic policy _9660193 |
||
| 650 | _a Gen | ||
| 650 |
_aIndustry and state - East Asia _9660194 |
||
| 942 |
_hX8(A).49B.N8, M8 _cTEXL _2CC |
||
| 999 |
_c1091856 _d1091856 |
||